Kremík a jeho zlúčeniny Chémia okolo nás

Bibliographic Details
Main Author: Jakuš, Vladimír (Author)
Format: Article
Language:Slovak
ISSN:1335-5287
Subjects:

MARC

LEADER 00000nab a2200000 a 4500
001 vtls008186733
003 SK-MaSNL
005 20260303080236.0
008 050727 xo m 000 0 slo
015 |a SNBRB2005 
040 |a KEKMK  |b slo  |c KEKMK  |e AACR2 
041 0 |a slo 
044 |a xo  |c SK 
080 |a 546.28  |2 UDC-MRF-SK 
100 1 |a Jakuš, Vladimír  |4 aut  |9 11330 
245 1 0 |a Kremík a jeho zlúčeniny  |b Chémia okolo nás  |c Vladimír Jakuš 
650 0 7 |a kremík  |2 kekmk  |9 20966 
773 0 |t Áčko  |g Roč.VII,č.1-2(2004/05),s.9  |x 1335-5287 
852 |a KEKMK  |b KIS3G 
999 |c 1779621  |d 1781551